zpět

Detail výsledku týmu

Bar Puk, Třinec

Datum a čas kvízu

32 Celkem bodů Celkový počet nahraných bodů na tomto kvízu bez doplňovacích otázek.
6. Pořadí na kvízu Konečné umístění týmu na tomto kvízu.

Zaznamenané odpovědi

# Otázka Odpověď Body Výsledky
1. Čtveřice samců kriticky ohrože... C) sudokopytníci 0
2. Umělec Banksy minulý týden v n... v Londýně 0
3. Minulý týden jsme se dozvěděli... Django; Zorro 1
4. V arménském hlavním městě Jere... o osla 1
5. Minulý týden skončilo mistrovs... třetí 1
6. Ve filmu Sedm sledujeme detekt... obžerství 0
7. Tato fotka z filmu Americké ps... Christian Bale 1
8. Postava Karla Kopfrkingla je p... chrám smrti 1
9. Přiřaďte zločince k jejich fil... 1D 2C 3B 4A 1
10. Mladý syn se poprvé přímo zapo... Kmotr, Mario Puzo 0